000
00275nmm a2200097Ia 4500
008
220120s9999||||xx |||||||||||||||||und||
020
_a
978-0-07-060092-8
100
_a
Digit
245
0
_a
Maker tech tools, Gate question papers, games
260
_a
Nine dot Nine
_b
New Delhi
_c
2016
999
_c
139991
_d
139991